| 000 | 01106nam a2200289 a 4500 | ||
|---|---|---|---|
| 001 | 000003052 | ||
| 005 | 20250621074004.0 | ||
| 008 | 090706s2005 dr a 000 0 spa d | ||
| 020 | _z999344510X | ||
| 040 |
_aDO-SdBNP _bspa _cBNPHU |
||
| 082 |
_a972.93 _bD542f, 2005 |
||
| 100 | 1 |
_aDíaz, Nelson Enríque, _d1950- _99646 |
|
| 245 | 1 | 0 |
_aFundamentos de la historia social dominicana / _cNelson Enríquez Díaz, Silverio González. |
| 250 | _a3a ed. | ||
| 260 |
_aSanto Domingo : _bEditorial Surco, _c2005. |
||
| 300 |
_a428 p. : _bil. ; _c24 cm. |
||
| 500 | _aIncluye ejercicios al final de los capítulos. | ||
| 500 | _aIncluye notas al pie de las páginas | ||
| 504 | _aBibliografía : p. 423-428 | ||
| 651 | 4 |
_aRepública Dominicana _xHistoria _9170 |
|
| 651 | 4 |
_aRepública Dominicana _xHistoria _xEstudio Y Enseñanza _99647 |
|
| 650 | 4 |
_aCiencias sociales e historia _99648 |
|
| 651 | 4 |
_aRepública Dominicana _xCondiciones Sociales _946 |
|
| 651 | 0 |
_aRepública Dominicana _xPolítica y gobierno _945 |
|
| 700 | 1 |
_aGonzález, Silverio, _d1957- _99649 |
|
| 910 | _aValidado. Control de calidad BNPHU | ||
| 999 |
_c2883 _d2883 |
||